000 00371nam a2200133Ia 4500
008 240531s9999 xx 000 0 und d
020 _a978 7 10 005153 8
082 _a951 071 ZHA
100 _aZhao, Jinming
245 0 _aHan yu ke yi zhe yang jiao
650 _aCHINESE LANGUAGE STUDY AND TEACHING
942 _cNF
999 _c351754
_d351754